top 10 most allied countries to the US - Statistics

General Stats
  • This quiz has been taken 33 times
  • The average score is 6 of 10
Answer Stats
Hint Answer % Correct
1 Canada
100%
3 France
100%
8 Germany
100%
2 UK
100%
7 Japan
94%
4 India
65%
10 Brazil
45%
5 Turkey
42%
6 Austrilia
0%
9 Fiji
0%
No matching quizzes found
Score Distribution
Percent of People with Each Score
Percentile by Number Answered
Your Score History
You have not taken this quiz